| 000 | 00889nam a2200217 i 4500 | ||
|---|---|---|---|
| 001 | 170730 | ||
| 003 | ES-MaACL | ||
| 005 | 20250808062739.0 | ||
| 008 | 090401s1951 sp |||| | spa d | ||
| 100 | 0 |
_aIsidoro de Sevilla, _cSanto. _9176281 |
|
| 240 | 1 | 0 |
_aEtymologiae. _lEspañol |
| 245 | 1 | 0 |
_aEtimologías / _cSan Isidoro de Sevilla ; versión castellana total, por vez primera, e introducciones de Luis Cortés y Góngora ; introducción general e índices científicos de Santiago Montero Díaz. |
| 260 |
_aMadrid : _bLa Editorial Católica, _c1951. |
||
| 300 |
_aXVIII, 563 p. ; _c20 cm. |
||
| 490 | 1 |
_aBiblioteca de autores cristianos ; _v67 |
|
| 700 | 1 |
_aCortés y Góngora, Luis. _9139711 |
|
| 700 | 1 |
_aMontero Díaz, Santiago, _d1911-1985 _982517 |
|
| 830 | 0 | 0 |
_aBiblioteca de autores cristianos _v67 _9178679 |
| 852 |
_aES-MaACL _jJ-65 _9R.46092 |
||
| 999 |
_c170730 _d170730 |
||